| 000 | 00608 a2200169 4500 | ||
|---|---|---|---|
| 003 | Nust | ||
| 005 | 20220802102039.0 | ||
| 020 | _a0962596702 | ||
| 040 | _cNust | ||
| 082 | _a005.1,BOW | ||
| 100 |
_aBowen, David H. _996216 |
||
| 245 |
_aSoftware success-1990 _breference book / _cDavid H. Bowen |
||
| 260 |
_aNew York _bSoftware success _c1991 |
||
| 505 | _aPromotion (Page-1-2), Lead Generation (Page-2-2), Pricing (Page-3-2), Distribution (Page-4-2), Management Issues (Page-5-2), Customer Support And Technical Issues (Page-6-2). | ||
| 650 |
_aSoftware development _996217 |
||
| 942 |
_2ddc _cBK _k005.1,BOW |
||
| 999 |
_c176585 _d176585 |
||